La edad de jubilación en Europa (Record no. 82848)

MARC details
000 -LEADER
campo de control de longitud fija 00712nam a2200169 i 4500
001 - NÚMERO DE CONTROL
campo de control 82848
003 - IDENTIFICADOR DE NÚMERO DE CONTROL
campo de control ES-MaACL
007 - CAMPO FIJO DE DESCRIPCIÓN FÍSICA--INFORMACIÓN GENERAL
campo de control de longitud fija t|
008 - DATOS DE LONGITUD FIJA--INFORMACIÓN GENERAL
campo de control de longitud fija 041112s1984 sp ||||1| spa d
110 2# - ENTRADA PRINCIPAL--NOMBRE DE ENTIDAD CORPORATIVA
Nombre de entidad corporativa o nombre de jurisdicción como elemento de entrada Instituto Europeo de Seguridad Social.
9 (RLIN) 5052
245 13 - MENCIÓN DEL TÍTULO
Título La edad de jubilación en Europa
Resto del título : retrospectivas y perspectivas de la Seguridad Social /
Mención de responsabilidad, etc. Instituto Europeo de la Seguridad Social ; [traducción de Alfonso Barrada Rodríguez ... [et al.]].
260 ## - PUBLICACIÓN, DISTRIBUCIÓN, ETC.
Lugar de publicación, distribución, etc. [Madrid] :
Nombre del editor, distribuidor, etc. Instituto de Estudios Laborales y de la Seguridad Social,
Fecha de publicación, distribución, etc. [1984]
300 ## - DESCRIPCIÓN FÍSICA
Extensión 248 p. ;
Dimensiones 24 cm.
500 ## - NOTA GENERAL
Nota general Parte I del Anuario IEES, 1978-1979.
700 1# - ENTRADA AGREGADA--NOMBRE PERSONAL
Nombre de persona Barrada Rodríguez, Alfonso.
9 (RLIN) 25814
852 ## - LOCALIZACIÓN
Ubicación ES-MaACL
Número de control de estantería L-6513
Sublocalización o colección R.107415
Holdings
Estatus retirado Estado de pérdida Estado de daño No para préstamo Biblioteca de origen Biblioteca actual Ubicación en estantería Fecha de adquisición Fuente de adquisición Total de préstamos Signatura topográfica completa Código de barras Visto por última vez Precio de reemplazo Tipo de ítem Koha
        Biblioteca del Ateneo de Madrid Biblioteca del Ateneo de Madrid Depósito 2 17/01/2008     L-6513 1086581 23/02/2023 23/02/2023 Libro impreso